The design & Feng shui of logos, trademarks & signboards / (Record no. 936)
[ view plain ]
| 000 -LEADER | |
|---|---|
| fixed length control field | 00511nam a2200181 4500 |
| 008 - FIXED-LENGTH DATA ELEMENTS--GENERAL INFORMATION | |
| fixed length control field | 010305s1995 si a 0 engYA |
| 020 ## - INTERNATIONAL STANDARD BOOK NUMBER | |
| International Standard Book Number | 0133047008 |
| 090 ## - LOCALLY ASSIGNED LC-TYPE CALL NUMBER (OCLC); LOCAL CALL NUMBER (OCLC) | |
| Classification number (OCLC) (R) ; Classification number, CALL (RLIN) (NR) | BJ1779 |
| Local cutter number (OCLC) ; Book number/undivided call number, CALL (RLIN) | .F4 |
| -- | L66d |
| 100 1# - MAIN ENTRY--PERSONAL NAME | |
| Personal name | Lip, Evelyn |
| 245 10 - TITLE STATEMENT | |
| Title | The design & Feng shui of logos, trademarks & signboards / |
| Statement of responsibility, etc | Evelyn Lip |
| 260 ## - PUBLICATION, DISTRIBUTION, ETC. (IMPRINT) | |
| Place of publication, distribution, etc | Singapore : |
| Name of publisher, distributor, etc | Prentice Hall, |
| Date of publication, distribution, etc | c1995. |
| 300 ## - PHYSICAL DESCRIPTION | |
| Extent | 91 p. : |
| Other physical details | ills. |
| 504 ## - BIBLIOGRAPHY, ETC. NOTE | |
| Bibliography, etc | Biblio. : pp. 87-88 |
| 650 #4 - SUBJECT ADDED ENTRY--TOPICAL TERM | |
| Topical term or geographic name as entry element | Astrological geomancy |
| 650 #4 - SUBJECT ADDED ENTRY--TOPICAL TERM | |
| Topical term or geographic name as entry element | Feng-shui |
| 650 #4 - SUBJECT ADDED ENTRY--TOPICAL TERM | |
| Topical term or geographic name as entry element | Geomancy |
| Withdrawn status | Lost status | Damaged status | Not for loan | Home library | Current library | Shelving location | Date acquired | Accession number | Shelving control number | Total Checkouts | Full call number | Date last seen | Price effective from | Koha item type |
|---|---|---|---|---|---|---|---|---|---|---|---|---|---|---|
| BSOP Library | BSOP Library | GC | 12/21/2000 | 22904 | 127 | BJ1779/.F4/L66d | 02/23/2013 | 02/23/2013 | Books |
